Bệnh ngoại khoa gia súc
Nội dung quyển sách trình bày các bệnh ngoại khoa như viêm, nhiễm trùng ngoại khoa, tổn thương ( khái niệm, nguyên nhân, triệu chứng, cách điều trị). Các bệnh ngoại khoa chuyên khoa như bệnh ở cơ, bệnh ở xương, bệnh ở mạch máu và thần kinh...
Guardado en:
| Autor principal: | |
|---|---|
| Formato: | Libro |
| Lenguaje: | Undetermined |
| Publicado: |
Hà Nội
Nông nghiệp
2001
|
| Materias: | |
| Etiquetas: |
Agregar Etiqueta
Sin Etiquetas, Sea el primero en etiquetar este registro!
|
| Thư viện lưu trữ: | Trung tâm Học liệu Trường Đại học Cần Thơ |
|---|
| LEADER | 00975nam a2200229Ia 4500 | ||
|---|---|---|---|
| 001 | CTU_110829 | ||
| 008 | 210402s9999 xx 000 0 und d | ||
| 020 | |c 36000 | ||
| 082 | |a 636.089697 | ||
| 082 | |b Kh106 | ||
| 100 | |a Huỳnh, Văn Kháng | ||
| 245 | 0 | |a Bệnh ngoại khoa gia súc | |
| 245 | 0 | |c Huỳnh Văn Kháng | |
| 260 | |a Hà Nội | ||
| 260 | |b Nông nghiệp | ||
| 260 | |c 2001 | ||
| 520 | |a Nội dung quyển sách trình bày các bệnh ngoại khoa như viêm, nhiễm trùng ngoại khoa, tổn thương ( khái niệm, nguyên nhân, triệu chứng, cách điều trị). Các bệnh ngoại khoa chuyên khoa như bệnh ở cơ, bệnh ở xương, bệnh ở mạch máu và thần kinh | ||
| 650 | |a Domestic animals,Veterinary medicine | ||
| 650 | |x Diseases and pests | ||
| 650 | |z Vietnam | ||
| 904 | |i Minh | ||
| 980 | |a Trung tâm Học liệu Trường Đại học Cần Thơ | ||